000 00558nam a22001937a 4500
008 260408b |||||||| |||| 00| 0 eng d
020 _a0567291596
040 _aCUZ
_beng
_cCUZ
_drda
_eCUZ
050 _aBS2585.2IER
100 _aBas Van Iersel
245 _aReading Mark
_cby Bas Van Iersel
264 _aEdinburgh
_bT & T .Clark
_c©1989
300 _a261pages
336 _atext
_btxt
337 _aunmediated
_bn
338 _2rdacarrier
650 _aBible .N.T Mark. critical studies
942 _cOS
_i2585.2IER
_kBS
999 _c45583
_d45583